000 00382nam a2200145Ia 4500
005 20240823064558.0
008 240823s9999||||xx |||||||||||||| ||und||
082 _A629.892 P9
100 _a"Sabarigirivasan,R"
245 0 _aDesign and Applications of Industrial Robots
260 _c2009
_bSGV Publica
500 _aYES
650 _aIndustrial Robots
_bMechanical
942 _cNB
999 _c241057
_d241057